000 00700cab a2200229 4500
001 WB3247-31
008 090401t1996 xxu||||| |||| 00| 0 eng d
035 _a(Sirsi) u69428
041 _aeng
245 _aLeasehold reform plans
260 _c1996
350 _a0
490 _aFinancial Times
_v7 December 1996, 5; 11 December 1996, 20(1)
520 _aThe government has withdrawn plans for leasehold reform. The commonhold bill was dropped following last-minute objections by Labour.
650 _aCOMMONHOLD BILL
650 _aLEASEHOLD REFORM
650 _aPROPERTY TENURE
690 _aLANDLORD AND TENANT-LEASEHOLD REFORM
690 _aLAW
942 _n0
948 _c04/03/1997
999 _c43604
_d43604